A konvergencia területisége és lokális szintű mérése elméleti áttekintés /
A tanulmányban a lokális konvergencia mérésének elméleti áttekintésére vállalkoztunk. Az első részben a konvergencia különböző elméleti megközelítéseit (abszolút, feltételes, klubkonvergencia) és globális és lokális szemlélet eltérését tisztázzuk. A második részben a konvergencia négyféle globális m...
Elmentve itt :
| Szerző: | |
|---|---|
| Dokumentumtípus: | Cikk |
| Megjelent: |
JATEPress
Szeged
2002
|
| Sorozat: | Két évtizedes a regionális tudományi műhely Szegeden: 1997–2017
|
| Kulcsszavak: | Regionális földrajz - Magyarország, Gazdaságtudomány |
| Tárgyszavak: | |
| Online Access: | http://acta.bibl.u-szeged.hu/57605 |
| LEADER | 01884nab a2200217 i 4500 | ||
|---|---|---|---|
| 001 | acta57605 | ||
| 005 | 20240422152250.0 | ||
| 008 | 190423s2002 hu o 000 hun d | ||
| 020 | |a 978-963-315-361-1 | ||
| 040 | |a SZTE Egyetemi Kiadványok Repozitórium |b hun | ||
| 041 | |a hun | ||
| 100 | 1 | |a Kotosz Balázs | |
| 245 | 1 | 2 | |a A konvergencia területisége és lokális szintű mérése |h [elektronikus dokumentum] : |b elméleti áttekintés / |c Kotosz Balázs |
| 260 | |a JATEPress |b Szeged |c 2002 | ||
| 300 | |a 339-356 | ||
| 490 | 0 | |a Két évtizedes a regionális tudományi műhely Szegeden: 1997–2017 | |
| 520 | 3 | |a A tanulmányban a lokális konvergencia mérésének elméleti áttekintésére vállalkoztunk. Az első részben a konvergencia különböző elméleti megközelítéseit (abszolút, feltételes, klubkonvergencia) és globális és lokális szemlélet eltérését tisztázzuk. A második részben a konvergencia négyféle globális mérési lehetőségére fókuszáltunk, így az eloszláson alapuló módszerekre, a β-konvergenciára, a sztochasztikus idősorelemzésre és a klubkonvergenciára. A globális mutatókról megállapítottuk, hogy nagyrészt térnélküliek, így torzított becslést adhatnak a konvergencia- folyamat paramétereire. A harmadik fejezetben két valóban lokális mérési módszert mutatunk be, egyrészt a területi autoregresszív lokális becslés (SALE) módszerét, másrészt egy Bourdin által javasolt egyszerű mutatót. Amíg az előbbi technikailag bonyolult, az új mutató következtető statisztikai tulajdonságairól keveset tudunk. | |
| 650 | 4 | |a Társadalomtudományok | |
| 650 | 4 | |a Társadalom- és gazdaságföldrajz | |
| 695 | |a Regionális földrajz - Magyarország, Gazdaságtudomány | ||
| 856 | 4 | 0 | |u http://acta.bibl.u-szeged.hu/57605/1/ket_evtizedes_a_regionalis_tudomanyi_muhely_szegeden_339-356.pdf |z Dokumentum-elérés |